000 00711nam a2200229 4500
001 45216
090 _a45216
100 _a19990101d1965 dm y0pory50030103ba
101 0 _apor
102 _aPT
200 1 _aO Natal visto pelas crianças
_fpalavras do Norberto Lopes e Calvet de Magalhães
210 9 _aLisboa
_cPortugália,
_dimp. 1965
215 _a73, [7] p., [16] f. il.
_cil.
_d24 cm
317 _aBiblioteca Matilde Rosa Araújo
675 _a371.38
_vBN
_zpor
675 _a821.134.3-93"19"
_vBN
_zpor
675 _a7.079
_vBN
_zpor
675 _a373.3(469.411)
_vBN
_zpor
702 1 _aLopes,
_bNorberto,
_f1900-1989
_4450
702 1 _aMagalhães,
_bJosé Calvet de,
_f1915-2004
_4450
801 0 _aPT
_bBN
_gRPC
990 _cLIVROS